Eduardo Úrculo : (Record no. 88886)

MARC details
000 -LEADER
campo de control de longitud fija 00909nam a2200241 i 4500
001 - NÚMERO DE CONTROL
campo de control 88886
003 - IDENTIFICADOR DE NÚMERO DE CONTROL
campo de control ES-MaACL
005 - FECHA Y HORA DE LA ÚLTIMA TRANSACCIÓN
campo de control 20250302165026.0
007 - CAMPO FIJO DE DESCRIPCIÓN FÍSICA--INFORMACIÓN GENERAL
campo de control de longitud fija t|
008 - DATOS DE LONGITUD FIJA--INFORMACIÓN GENERAL
campo de control de longitud fija 041228s1997 sp ||||1| spa d
020 ## - NÚMERO INTERNACIONAL ESTÁNDAR DEL LIBRO
Número Internacional Estándar del Libro 84-88406-23-1
080 ## - NÚMERO DE LA CLASIFICACIÓN DECIMAL UNIVERSAL
Número de la Clasificación Decimal Universal 75 Urculo, Eduardo (083.824)
100 ## - ENTRADA PRINCIPAL--NOMBRE DE PERSONA
Nombre de persona Úrculo, Eduardo,
9 (RLIN) 234294
Fechas asociadas al nombre 1938-2003
245 10 - MENCIÓN DEL TÍTULO
Título Eduardo Úrculo :
Resto del título exposición retrospectiva, 1957-1997 : Centro Cultural de la Villa, Madrid, 24 de septiembre - 23 de noviembre, 1997.
260 ## - PUBLICACIÓN, DISTRIBUCIÓN, ETC.
Lugar de publicación, distribución, etc. [Madrid] :
Nombre del editor, distribuidor, etc. Centro Cultural de la Villa,
Fecha de publicación, distribución, etc. [1997]
300 ## - DESCRIPCIÓN FÍSICA
Extensión 128 p. :
Otras características físicas il. col. ;
Dimensiones 30 cm.
600 #0 - PUNTO DE ACCESO ADICIONAL DE MATERIA--NOMBRE DE PERSONA
Nombre de persona Úrculo, Eduardo,
Fechas asociadas al nombre 1938-2003
9 (RLIN) 234294
655 #7 - TERMINO DE INDIZACIÓN--GENERO/FORMA
Fuente del término tgfbne
9 (RLIN) 193628
Datos o término principal de género/forma Catálogos de exposiciones
710 2# - ENTRADA AGREGADA--NOMBRE DE ENTIDAD CORPORATIVA
Nombre de entidad corporativa o nombre de jurisdicción como elemento de entrada Fernán Gomez. Centro Cultural de la Villa (Madrid)
9 (RLIN) 161980
852 ## - LOCALIZACIÓN
Ubicación ES-MaACL
Número de control de estantería E-10733
Sublocalización o colección R.134950
itemnumber 92139
Ubicación en estantería Depósito 2
942 ## - ELEMENTOS DE ENTRADA SECUNDARIOS (KOHA)
Fuente del sistema de clasificación o colocación Clasificación decimal universal
Tipo de ítem Koha Libro impreso
Suprimir en OPAC No
Holdings
Estatus retirado Estado de pérdida Fuente del sistema de clasificación o colocación Estado de daño No para préstamo Biblioteca de origen Biblioteca actual Ubicación en estantería Fecha de adquisición Total de préstamos Signatura topográfica completa Código de barras Visto por última vez Tipo de ítem Koha
    Clasificación decimal universal     Biblioteca del Ateneo de Madrid Biblioteca del Ateneo de Madrid Depósito 2 17/01/2008   E-10733 1092838 23/02/2023 Libro impreso